Top 100 Baby Girls' Names UK - 2009 - Statistics

General Stats
  • This quiz has been taken 202 times
  • The average score is 61 of 100
Answer Stats
Hint Answer % Correct
1 Olivia
94%
14 Charlotte
93%
4 Emily
92%
64 Anna
90%
41 Emma
89%
7 Grace
89%
51 Isabel
87%
74 Sofia
87%
5 | 35 Sophia
87%
29 Hannah
86%
43 Elizabeth
84%
13 Ella
84%
12 Ava
83%
6 Jessica
83%
16 Lucy
83%
27 Ellie
82%
15 Isabella
82%
83 Zoe
82%
9 Amelia
81%
45 Lilly
81%
8 Lily
81%
99 Sara
81%
3 Chloe
80%
31 Katie
80%
92 Eve
79%
11 Mia
79%
38 Eva
76%
36 Abigail
75%
2 Ruby
75%
75 Zara
75%
50 Alice
74%
21 Freya
73%
30 Isla
73%
94 Rose
73%
40 Molly
72%
62 Rosie
71%
18 Daisy
70%
55 Georgia
70%
28 Amy
69%
10 Evie
69%
61 Lauren
69%
22 Poppy
68%
77 Rebecca
68%
85 Evelyn
67%
79 Sarah
66%
53 Bethany
64%
56 Eleanor
64%
33 Erin
64%
19 | 82 Holly
64%
37 Jasmine
64%
42 Lola
64%
26 Millie
64%
80 Florence
63%
93 Maria
61%
54 Gracie
60%
44 Leah
59%
20 Megan
59%
68 Maddison
58%
66 Maya
58%
49 Sienna
58%
87 Alexandra
56%
23 Phoebe
56%
25 Scarlett
55%
48 Layla
54%
34 Maisie
54%
46 Matilda
54%
24 Summer
53%
52 Amber
52%
32 Imogen
52%
59 Madison
52%
89 Harriet
50%
88 Nicole
50%
95 Esme
46%
17 Isabelle
45%
84 Julia
45%
47 Lexi
45%
98 Francesca
43%
39 Brooke
41%
57 Amelie
40%
90 Emilia
40%
73 Faith
40%
81 Martha
40%
97 Heidi
39%
91 Lydia
37%
72 Tia
35%
58 Caitlin
34%
65 Paige
32%
86 Tilly
31%
63 Keira
30%
67 Lacey
30%
76 Niamh
29%
78 Libby
26%
71 Skye
19%
60 Isobel
18%
100 Mya
15%
70 Aimee
13%
96 Alisha
12%
69 Lexie
7%
No matching quizzes found
Score Distribution
Percent of People with Each Score
Percentile by Number Answered
Your Score History
You have not taken this quiz